| 000 | 00494pab a2200169 454500 | ||
|---|---|---|---|
| 008 | 180718b2005 xxu||||| |||| 00| 0 eng d | ||
| 100 | _aWong, Joseph | ||
| 245 | _aRe-making the developmental state in Taiwan: the challenges of biotechnology | ||
| 260 | _c2005 | ||
| 300 | _ap.169-91. | ||
| 362 | _aapr | ||
| 650 | _aDevelopment administration - Taiwan | ||
| 650 | _aBiotechnology - Taiwan | ||
| 650 | _aBiotechnology | ||
| 773 | _aInternational Political Science Review | ||
| 909 | _a65267 | ||
| 999 |
_c65267 _d65267 |
||